Slovakia's Pro-Export Policy Navigating the Path to Economic Growth
Inštitucionálna podpora zahraničného obchodu je kľúčová pri posilňovaní konkurencieschopnosti a úspechu domácich podnikov na globálnej scéne. Toto hodnotenie podporných mechanizmov je obzvlášť aktuálne v neustále sa vyvíjajúcom globálnom prostredí. Pre Slovensko ako jednu z najotvorenejších ekonomík...
Salvato in:
| Autore principale: | |
|---|---|
| Altri autori: | |
| Natura: | Capitolo di libro |
| Lingua: | inglese |
| Soggetti: | |
| Tags: |
Nessun Tag, puoi essere il primo ad aggiungerne!!
|
MARC
| LEADER | 00000naa a2200000 4500 | ||
|---|---|---|---|
| 001 | 0304744 | ||
| 005 | 20241205120852.6 | ||
| 041 | 0 | |a eng | |
| 044 | |a SK | ||
| 245 | 1 | 0 | |a Slovakia's Pro-Export Policy Navigating the Path to Economic Growth |c Anabela Luptáková, Ján Hrinko |
| 520 | |a Inštitucionálna podpora zahraničného obchodu je kľúčová pri posilňovaní konkurencieschopnosti a úspechu domácich podnikov na globálnej scéne. Toto hodnotenie podporných mechanizmov je obzvlášť aktuálne v neustále sa vyvíjajúcom globálnom prostredí. Pre Slovensko ako jednu z najotvorenejších ekonomík je významná najmä robustná inštitucionálna podpora zahraničného obchodu. Napriek absencii zásadných ideologických posunov v stratégiách vlády pre vonkajšie ekonomické vzťahy za posledné desaťročie je prispôsobenie sa aktuálnym trhovým podmienkam nevyhnutné na udržanie relevantnosti Slovenska. Tento dokument ponúka odporúčania na zlepšenie proexportných politík na základe osvedčených postupov z vybraných krajín s cieľom vyvinúť novú stratégiu podpory, ktorá je v súlade so súčasnou dynamikou trhu. | ||
| 610 | 2 | 0 | |a obchod zahraničný |
| 610 | 2 | 0 | |a rast hospodársky |
| 610 | 2 | 0 | |a vývoz |
| 610 | 2 | 0 | |a Slovensko |
| 100 | 1 | |a Luptáková, Anabela, 1995- | |
| 700 | 1 | |a Hrinko, Ján, 1992- | |